000
00200 a2200097 4500
001
47433
100
_a
Cowis G
245
_a
Fabulous admirals
260
_a
London
_b
Putnam
_c
090
_c
30461
_d
30461
942
_a
NUST-CAE
_c
M
_c
22738
999
_c
282506
_d
282506